| 000 | 00401nam a22001697a 4500 | ||
|---|---|---|---|
| 005 | 20260413132925.0 | ||
| 008 | 160627b xxu||||| |||| 00| 0 eng d | ||
| 020 | _a978-0-7528-8172-0 | ||
| 041 | _aeng | ||
| 082 | _a813.54 | ||
| 100 |
_aLudlum, robert _92887 |
||
| 245 | _aThe Bancroft Strategy | ||
| 260 |
_bOrion Fiction _c2007 |
||
| 300 | _a520 | ||
| 650 |
_aAmerican fiction _98938 |
||
| 942 | _cBK | ||
| 999 |
_c4183 _d4182 |
||